The anointing : (Record no. 1408)
[ view plain ]
| 000 -LEADER | |
|---|---|
| fixed length control field | 00643nam a22002177a 4500 |
| 003 - CONTROL NUMBER IDENTIFIER | |
| control field | OSt |
| 005 - DATE AND TIME OF LATEST TRANSACTION | |
| control field | 20180912134524.0 |
| 008 - FIXED-LENGTH DATA ELEMENTS--GENERAL INFORMATION | |
| fixed length control field | 180912b ||||| |||| 00| 0 eng d |
| 020 ## - INTERNATIONAL STANDARD BOOK NUMBER | |
| International Standard Book Number | 0340721448 |
| 040 ## - CATALOGING SOURCE | |
| Transcribing agency | DLC |
| 082 ## - DEWEY DECIMAL CLASSIFICATION NUMBER | |
| Classification number | 234.13 |
| Item number | K33A |
| 100 ## - MAIN ENTRY--PERSONAL NAME | |
| Personal name | Kendall, R T |
| 245 ## - TITLE STATEMENT | |
| Title | The anointing : |
| Remainder of title | yesterday, today, tomorrow/ |
| Statement of responsibility, etc. | By R T Kendall |
| 260 ## - PUBLICATION, DISTRIBUTION, ETC. | |
| Place of publication, distribution, etc. | London : |
| Name of publisher, distributor, etc. | Hodder & Stoughton Publications, |
| Date of publication, distribution, etc. | c1998. |
| 300 ## - PHYSICAL DESCRIPTION | |
| Extent | 212 p.: |
| 500 ## - GENERAL NOTE | |
| General note | Includes Scripture Index |
| 630 ## - SUBJECT ADDED ENTRY--UNIFORM TITLE | |
| Uniform title | Holy Spirit - Anointing |
| 650 ## - SUBJECT ADDED ENTRY--TOPICAL TERM | |
| Topical term or geographic name entry element | Unction |
| General subdivision | Anointing Of The Holy Spirit |
| 650 ## - SUBJECT ADDED ENTRY--TOPICAL TERM | |
| Topical term or geographic name entry element | Friuts Of THe Spirit |
| General subdivision | Gifts Of Holy Spirit |
| 942 ## - ADDED ENTRY ELEMENTS (KOHA) | |
| Source of classification or shelving scheme | Dewey Decimal Classification |
| Koha item type | Books |
| Withdrawn status | Lost status | Source of classification or shelving scheme | Damaged status | Not for loan | Collection code | Home library | Current library | Shelving location | Date acquired | Cost, normal purchase price | Total Checkouts | Full call number | Barcode | Date last seen | Price effective from | Koha item type |
|---|---|---|---|---|---|---|---|---|---|---|---|---|---|---|---|---|
| Dewey Decimal Classification | Non-fiction | Harvest Mission College | Harvest Mission College | General Stacks | 12.09.2018 | 480.00 | 234.13 K33A | 000429 | 12.09.2018 | 12.09.2018 | Books | |||||
| Dewey Decimal Classification | Non-fiction | Harvest Mission College | Harvest Mission College | General Stacks | 12.09.2018 | 480.00 | 234.13 K33A | 012465 | 10.03.2021 | 12.09.2018 | Books |
